Most streamed Kali Uchis songs - Statistics

General Stats
  • This quiz has been taken 3 times
  • The average score is 10 of 25
Answer Stats
Album Answer % Correct
Isolation (2018) After The Storm
100%
Red Moon In Venus (2023) Moonlight
100%
Flower Boy (2017) See You Again*
100%
Sin Miedo (2020) telepatia
100%
Ruby (2025) Damn Right*
67%
Sin Miedo (2020) fue mejor
67%
Freudian (2016) Get you*
67%
Por Vida (2015) Melting
67%
BUBBA (2019) 10%*
33%
Life of a DON (2021) Drugs N Hella Melodies*
33%
Red Moon In Venus (2023) Fantasy
33%
Cherry Bomb (2015) FUCKING YOUNG/PERFECT*
33%
ORQUIDEAS (2024) Igual Que Un Angel
33%
Red Moon In Venus (2023) I Wish you Roses
33%
Isolation (2018) Just A Stranger
33%
Por Vida (2015) Loner
33%
ORQUIDEAS (2024) Munekita
33%
single (2022) SAD GIRLZ LUV MONEY Remix*
33%
Isolation (2018) Your Teeth In My Neck
33%
Isolation (2018) Dead To Me
0%
ORQUIDEAS (2024) Labios Mordidos
0%
Humanz (2017) She's My Collar*
0%
single (2024) SI NO ES CONTIGO*
0%
single (2019) Time*
0%
Isolation (2018) Tyrant
0%
No matching quizzes found
Score Distribution
Percent of People with Each Score
Percentile by Number Answered
Your Score History
You have not taken this quiz